Bytový dom

Saved in:
Bibliographic Details
Main Author: Čižmár, Martin (Author)
Other Authors: Bielek, Boris (Thesis advisor)
Format: Manuscript Book
Language:Slovak
Published: 2025
Subjects:
Online Access:http://is.stuba.sk/zp/portal_zp.pl?podrobnosti=167657
CRZP
Tags: Add Tag
No Tags, Be the first to tag this record!

MARC

LEADER 00000ntm a22000003a 4500
001 stuzp105324
003 SK-STU
005 20250722135204.6
007 ta
008 150427s2015----xo-----f-mn---000-0-slo-d
040 |a STU  |b slo 
041 0 |a slo 
100 1 |a Čižmár, Martin  |u 010180  |4 aut  |U SvF Stavebná fakulta  |T SvF Katedra konštrukcií pozemných stavieb  |X 115036  |U V180  |Y 18  |7 115036 
242 0 1 |a Residential house  |y eng 
245 1 0 |a Bytový dom 
260 |c 2025 
650 4 |a architektonická štúdia  |2 slo 
650 4 |a obytné jednotky  |2 slo 
650 4 |a projekt  |2 slo 
650 4 |a polyfunkcia  |2 slo 
650 4 |a podzemná garáž  |2 slo 
650 4 |a konštrukcia  |2 slo 
650 4 |a bytový dom  |2 slo 
650 4 |a residential building  |2 eng 
650 4 |a mixed-use space  |2 eng 
650 4 |a underground garage  |2 eng 
650 4 |a architectural study  |2 eng 
650 4 |a residential units  |2 eng 
650 4 |a project  |2 eng 
650 4 |a construction  |2 eng 
700 1 |a Bielek, Boris  |u 010180  |k Z1  |4 ths  |U SvF Stavebná fakulta  |T SvF Katedra konštrukcií pozemných stavieb  |X 4303  |U V180  |Y 18  |7 A000004303 
856 4 |u http://is.stuba.sk/zp/portal_zp.pl?podrobnosti=167657 
856 4 |u https://opac.crzp.sk/?fn=detailBiblioForm&sid=C9A1C75A261DD259FD81471E26A3  |z CRZP